| 000 | 00618nam a22001697a 4500 | ||
|---|---|---|---|
| 003 | OSt | ||
| 005 | 20171010095443.0 | ||
| 008 | 120614t xxu||||| |||| 00| 0 eng d | ||
| 040 |
_aMMSU _cULS |
||
| 100 |
_aCastro, Lucky Constance R. _910286 |
||
| 245 |
_aAdsorption of copper using simulated wastewater effluent using pasaleng clay as an adsorbent _cLucky Constance R. Castro |
||
| 260 | _c2006 | ||
| 300 |
_axi, 43 leaves _c28 cm. |
||
| 500 | _aThesis (BS Chemical Engineering) -- Mariano Marcos State University-College of Engineering, Batac City | ||
| 504 | _aBibliography: leaves 35-36 | ||
| 942 |
_2ddc _cTHEDIS |
||
| 999 |
_c9560 _d9560 |
||